| 000 -LEADER |
| fixed length control field |
00732cam a2200205 a 4500 |
| 020 ## - INTERNATIONAL STANDARD BOOK NUMBER |
| ISBN |
0198288999 (cloth : acidfree paper) |
| 040 ## - CATALOGING SOURCE |
| Transcribing agency |
DLC |
| 082 00 - DEWEY DECIMAL CLASSIFICATION NUMBER |
| Classification number |
332 OXF 1994 A010 Or. |
| 245 04 - TITLE STATEMENT |
| Title |
The Japanese main bank system : |
| Remainder of title |
its relevance for developing and transforming economies / |
| 260 ## - PUBLICATION, DISTRIBUTION, ETC. (IMPRINT) |
| Place of publication |
Oxford [England] ; |
| -- |
New York : |
| Name of publisher |
Oxford University Press, |
| Year of publication |
1994. |
| 300 ## - PHYSICAL DESCRIPTION |
| Number of Pages |
xxxii, 651 p. : |
| Other physical details |
ill. ; |
| Dimensions |
24 cm. |
| 650 00 - SUBJECT ADDED ENTRY--TOPICAL TERM |
| Topical Term |
Banks and banking |
| 650 00 - SUBJECT ADDED ENTRY--TOPICAL TERM |
| Topical Term |
Finance |
| 650 00 - SUBJECT ADDED ENTRY--TOPICAL TERM |
| Topical Term |
Banks and banking |
| 700 1# - ADDED ENTRY--PERSONAL NAME |
| Personal name |
Aoki, Masahiko, |
| 700 1# - ADDED ENTRY--PERSONAL NAME |
| Personal name |
Patrick, Hugh T. |
| 856 42 - ELECTRONIC LOCATION AND ACCESS |
| Uniform Resource Identifier |
http://www.loc.gov/catdir/enhancements/fy0605/94029638-d.html |
| 856 41 - ELECTRONIC LOCATION AND ACCESS |
| Uniform Resource Identifier |
http://www.loc.gov/catdir/enhancements/fy0605/94029638-t.html |
| 942 ## - ADDED ENTRY ELEMENTS (KOHA) |
| Koha item type |
សៀវភៅភាសាអង់គ្លេស |
| 952 ## - LOCATION AND ITEM INFORMATION (KOHA) |
| Withdrawn status [LOCAL, KOHA] |
0 |